|
|
|
|
| LEADER |
00000cam a2200000 a 4500 |
| 001 |
vtls011712218 |
| 003 |
SK-MaSNL |
| 005 |
20260301141325.0 |
| 008 |
200104s2017 xo oa g nf 000 0 slo |
| 015 |
|
|
|a SNBA2017/10
|
| 020 |
|
|
|a 9788097186746
|q (viaz.)
|
| 035 |
|
|
|a urn:nbn:sk:snk-am00czqv
|
| 035 |
|
|
|a urn:nbn:sk:snk-am3hgqp
|
| 035 |
|
|
|a 39AEC590-2DE6-4451-9003-BCF805546A6F
|
| 040 |
|
|
|a SNK
|b slo
|c SNK
|e AACR2
|
| 041 |
0 |
|
|a slo
|
| 043 |
|
|
|a e-xo---
|
| 044 |
|
|
|a xo
|c SK
|
| 072 |
|
7 |
|a 74
|x Kresba. Umelecké remeslá
|2 konspekt
|
| 080 |
|
|
|a 746.21
|2 2011
|
| 080 |
|
|
|a 7.048
|2 2011
|
| 080 |
|
|
|a (437.6)
|2 2011
|
| 080 |
|
|
|a (035)
|2 2011
|
| 080 |
|
|
|a (048.8)
|2 2011
|
| 100 |
1 |
|
|a Mišík, Víťazoslav,
|d 1924-1992
|4 aut
|4 pht
|9 495200
|
| 245 |
1 |
0 |
|a Opletané paličkované čipky
|b vzory, väzby, predlohy
|c [text a fotografie] Víťazoslav Mišík
|
| 250 |
|
|
|a 1. vyd.
|
| 260 |
|
|
|a [Drahovce]
|b [Covenant]
|c 2017
|
| 300 |
|
|
|a 173 s.
|b fotogr., ilustr.
|c 30 cm
|
| 500 |
|
|
|a Vydav. údaje podľa ISBN
|
| 504 |
|
|
|a Bibliogr.: s. 170-171
|
| 650 |
0 |
7 |
|a paličkovaná čipka
|2 SNKPH
|9 28807
|
| 650 |
0 |
7 |
|a vzory (motívy)
|2 SNKPH
|9 67231
|
| 650 |
0 |
7 |
|a Pillow lace
|2 SNKPHeng
|9 330948
|
| 650 |
0 |
7 |
|a Patterns (design elements)
|2 SNKPHeng
|9 318530
|
| 651 |
|
7 |
|a Slovensko
|2 SNKPH
|
| 651 |
|
7 |
|a Slovakia
|2 SNKPHeng
|9 92630
|
| 655 |
|
7 |
|a monografie
|2 SNKPH
|9 70139
|
| 655 |
|
7 |
|a príručky
|2 SNKPH
|9 74364
|
| 655 |
|
7 |
|a Monographs
|2 SNKPHeng
|9 120675
|
| 655 |
|
7 |
|a Handbooks, manuals, etc.
|2 SNKPHeng
|9 90964
|
| 852 |
|
|
|a Štátna vedecká knižnica v Banskej Bystrici
|
| 919 |
|
|
|a 978-80-971867-4-6
|
| 958 |
|
|
|a NB
|
| 999 |
|
|
|c 766821
|d 768751
|
| 952 |
|
|
|a SNK
|b SNK
|y PREZ
|7 0
|p 17A1272220
|o snkSB 91964
|i snk2017/20886
|8 0
|0 0
|1 0
|4 0
|d 2017-09-27
|f 1
|l 0
|r 2025-05-13 00:00:00
|w 2026-02-24
|
| 952 |
|
|
|a SNK
|b SNK
|y VYP
|7 0
|p 17A1272221
|o snkSB 91964 D1
|i snk2017/20887
|8 0
|0 0
|1 0
|4 0
|d 2017-09-27
|l 0
|r 2026-02-24 00:22:32
|w 2026-02-24
|